书目信息 |
| 题名: |
潜水器设计原理
|
|
| 作者: | 张铁栋 主编 | |
| 分册: | ||
| 出版信息: | 哈尔滨 哈尔滨工程大学出版社 2011.01 |
|
| 页数: | 291页 | |
| 开本: | 23cm | |
| 丛书名: | ||
| 单 册: | ||
| 中图分类: | P754.3 | |
| 科图分类: | ||
| 主题词: | 潜水器--qian shui qi--设计 | |
| 电子资源: | ||
| ISBN: | 978-7-81133-891-1 | |
| 000 | 00875nam0 2200253 450 | |
| 001 | 012011232351 | |
| 005 | 20110427093125.18 | |
| 010 | @a978-7-81133-891-1@dCNY39.50 | |
| 100 | @a20110427d2011 em y0chiy0120 ea | |
| 101 | 0 | @achi |
| 102 | @aCN@b230000 | |
| 105 | @aa a 000yy | |
| 106 | @ar | |
| 200 | 1 | @a潜水器设计原理@Aqian shui qi she ji yuan li@f张铁栋主编@Fzhang tie dong zhu bian |
| 210 | @a哈尔滨@c哈尔滨工程大学出版社@d2011.01 | |
| 215 | @a291页@c图@d23cm | |
| 300 | @a国防特色教材·船舶与海洋工程 | |
| 320 | @a有书目 (第287-291页) | |
| 330 | @a本书主要内容包括:潜水器发展简史与分类,海洋基础知识,潜水器系统设计基础,潜水器方案设计,潜水器结构设计,潜水器的操纵与控制等。 | |
| 606 | 0 | @a潜水器@Aqian shui qi@x设计 |
| 690 | @aP754.3@v4 | |
| 701 | 0 | @a张铁栋@Azhang tie dong@4主编 |
| 801 | 0 | @aCN@bQSSK@c20110427 |
| 905 | @b792610-12@dP754.3@eZ180@f3 | |
| 潜水器设计原理/张铁栋主编.-哈尔滨:哈尔滨工程大学出版社,2011.01 |
| 291页:图;23cm |
| 国防特色教材·船舶与海洋工程 |
| ISBN 978-7-81133-891-1:CNY39.50 |
| 本书主要内容包括:潜水器发展简史与分类,海洋基础知识,潜水器系统设计基础,潜水器方案设计,潜水器结构设计,潜水器的操纵与控制等。 |
| ● |
| 相关链接 |
|
|
|
正题名:潜水器设计原理
索取号:P754.3/Z180
 
预约/预借
| 序号 | 登录号 | 条形码 | 馆藏地/架位号 | 状态 | 备注 |
| 1 | 792610 | 207926100 | 期刊室512/401自科库 130排2列5层/ [索取号:P754.3/Z180] | 在馆 | |
| 2 | 792611 | 207926119 | 自科库401/401自科库 134排2列5层/ [索取号:P754.3/Z180] | 在馆 | |
| 3 | 792612 | 207926128 | 期刊室512/401自科库 130排2列5层/ [索取号:P754.3/Z180] | 在馆 |